| 000 | 01141nas a2200277Ia 4500 | ||
|---|---|---|---|
| 001 | R126/E8391 | ||
| 003 | IT-RoPAU | ||
| 008 | 151124c99999999xx |||||||||||| ||und|| | ||
| 040 | _aIT-RoPAU | ||
| 040 | _cIT-RoPAU | ||
| 041 | _aITALIANO | ||
| 100 |
_aCapecchi Saveria _gCodice Aut. SPICS: 43895 |
||
| 210 | _aPROBLEMI DELL'INFORMAZIONE | ||
| 222 | _aProblemi Dell'Informazione | ||
| 245 |
_aPROBLEMI DELL'INFORMAZIONE, ANNO 22-N.3 (SETTEMBRE 1997) _bImmaginario Tra "Iper-Ordinario" E "Stra-Ordinario" (L'): L'Uso Dei Media Da Parte di un Gruppo di Bambini E Bambine |
||
| 250 | _a1a ed. | ||
| 260 |
_aBOLOGNA _bIL MULINO _c1997 |
||
| 501 |
_bPaulus - SPICS - Società San Paolo EM (non-commercial uses only) _cCopyright2015 |
||
| 300 | _a26 p. [367-392] | ||
| 362 | _aANNO 022, N.03 (SETTEMBRE 1997) | ||
| 500 | _aContributo al Dossier: Mondo Giovane e Media. Immaginario All'Insegna di Ricchezza, Fama e Bellezza. Uso della Televisione e dei Libri da Parte di Bambini e Bambine. | ||
| 650 |
_aCOMUNICAZIONE _vPUBBLICAZIONE PERIODICA |
||
| 700 | _aFerrari Maria Grazia | ||
| 700 | _gCodice Aut. SPICS: 49398 | ||
| 942 | _cCR | ||
| 999 |
_c145372 _d145372 |
||